Plague Inc Countries - Statistics

General Stats
  • This quiz has been taken 52 times
    36 since last reset
  • The average score is 47 of 58
Answer Stats
Answer % Correct
Russia
100%
China
96%
Finland
96%
France
96%
Germany
96%
Italy
96%
Sweden
96%
Egypt
92%
Norway
92%
South Africa
92%
UK
92%
USA
92%
Australia
88%
Brazil
88%
Canada
88%
Greenland
88%
India
88%
Japan
88%
Madagascar
88%
Poland
88%
Saudi Arabia
88%
Algeria
84%
Angola
84%
Kazakhstan
84%
Korea
84%
Libya
84%
Mexico
84%
Pakistan
84%
Spain
84%
Caribbean
80%
East Africa
80%
Indonesia
80%
Iran
80%
Morocco
80%
New Zealand
80%
Peru
80%
Turkey
80%
Ukraine
80%
West Africa
80%
Argentina
76%
Botswana
76%
Colombia
76%
Iceland
76%
Iraq
76%
Zimbabwe
76%
Afghanistan
72%
C. America
72%
Philippines
72%
Sudan
72%
Baltic States
68%
Bolivia
68%
Central Africa
68%
Middle East
68%
Balkan States
64%
Central Europe
64%
Central Asia
60%
New Guinea
60%
S. E. Asia
60%
No matching quizzes found
Score Distribution
Percent of People with Each Score
Percentile by Number Answered
Your Score History
You have not taken this quiz since the last reset